000 02034cam a22005057a 4500
001 000000280
003 CHAP
005 20220329132921.0
008 971013s1989 r 00010 d
010 _a231
011 _a1203
035 _a379
040 _cCHAP
082 0 4 _a630.09723
_bA5
100 0 0 _aAndres Agustin, Jorge.
_95718
245 1 3 _aLa producción agropecuaria de la región Valle del Tepalcatepec, Michoacán.
260 _aMorelia, Mich. :
_bUACH. Centro Regional Universitario Centro Occidente,
_c1989.
300 _a4 v.
300 _a652 p.
500 _a35-187
590 _aBATCH-UPD
_b10
_c20130110
_lUCH01
_h1037
590 _aBATCH-UPD
_b10
_c20130410
_lUCH01
_h0638
590 _aBATCH-UPD
_b10
_c20130914
_lUCH01
_h0007
590 _aBATCH-UPD
_b10
_c20130914
_lUCH01
_h1651
590 _aCONVERSION
_b10
_c20130109
_lUCH01
_h1302
590 _aE5995AHE
_b05
_c20150225
_lUCH01
_h1224
590 _aE5995AHE
_b05
_c20150225
_lUCH01
_h1241
650 1 4 _aAgricultura
_xMichoacán.
_91743
650 1 4 _aFruticultura
_xMichoacán.
_943735
650 1 4 _aGanadería
_xMichoacán.
_944823
650 1 4 _aGeografía agrícola
_xMichoacán.
_947569
650 1 4 _aProductos agrícolas
_xAspectos económicos
_xMichoacán.
_991912
901 _aBK
942 _cLIBRO
942 _n0
949 _a630.09723 A5
_bBC
_cLIBRO
_d33724000027843
_eLIBRO
_fc.6
_h87598
_i379
_mD
_si
949 _a630.09723 A5
_bBC
_cLIBRO
_d33724000027850
_eLIBRO
_fc.5
_h87597
_i379
_mD
_si
949 _a630.09723 A5
_bBC
_cLIBRO
_d33724000027868
_eLIBRO
_fc.4
_h87596
_i379
_mD
_si
949 _a630.09723 A5
_bBC
_cLIBRO
_d33724000027876
_eLIBRO
_fc.3
_h87595
_i379
_mD
_si
949 _a630.09723 A5
_bBC
_cLIBRO
_d33724000027884
_eLIBRO
_fc.2
_h87594
_i379
_mD
_si
949 _a630.09723 A5
_bBC
_cUACH
_d-65231
_eUACH
_fv.2
_h76863
_i379
_mD
_si
949 _a630.09723 A5
_bBC
_cUACH
_d-65233
_eUACH
_fv.4
_h76865
_i379
_mD
_si
949 _a630.09723 A5
_bBC
_cUACH
_d-9823
_eUACH
_fv.1
_h76862
_i379
_mD
_si
949 _a630.09723 A5
_bBC
_cUACH
_d33724000027835
_eUACH
_fv.3
_h76864
_i379
_mD
_si
999 _c231
_d231